[Event "Swiss Queens Wed #26"]
[Site "FIDE Online Arena INT"]
[Date "2024.07.25"]
[Round "6"]
[White "Papp, Petra"]
[Black "Kosteniuk, Alexandra"]
[Result "1-0"]
[WhiteElo "2259"]
[BlackElo "2488"]
[PlyCount "71"]
[EventDate "2024.07.25"]
[EventType "swiss (blitz)"]
[EventRounds "11"]
[EventCountry "NET"]
[SourceTitle "CBM 221 Extra"]
[Source "ChessBase"]
[SourceDate "2024.09.30"]
[SourceVersion "1"]
[SourceVersionDate "2024.09.30"]
[SourceQuality "1"]

1. e4 c6 2. d4 d5 3. Nd2 dxe4 4. Nxe4 Nf6 5. Nxf6+ exf6 6. c3 Bd6 7. Bd3 Na6 8. Ne2 Nc7 9. 0-0 0-0 10. Qc2 g6 11. Bh6 Re8 12. Rad1 Nd5 13. Qd2 f5 14. Bg5 f6 15. Bh6 Be6 16. c4 Nb4 17. c5 Nxd3 18. cxd6 Bc4 19. Qc3 Nxb2 20. Nf4 Qxd6 21. Qxb2 g5 22. Nd3 b5 23. h3 Kf7 24. d5 cxd5 25. Rfe1 Kg6 26. Rxe8 Rxe8 27. h4 Kxh6 28. hxg5+ fxg5 29. Nb4 Qe5 30. Qa3 Qe7 31. Qh3+ Kg7 32. Nc6 Qe6 33. Qc3+ Qf6 34. Nd4 Re4 35. Nxf5+ Kg6 36. Nd4 1-0

[Event "HUN-ch Blitz"]
[Site "Ajka"]
[Date "2024.07.19"]
[Round "9"]
[White "Eljanov, Pavel"]
[Black "Papp, Petra"]
[Result "1-0"]
[WhiteElo "2672"]
[BlackElo "2259"]
[PlyCount "58"]
[EventDate "2024.07.19"]
[EventType "swiss (blitz)"]
[EventRounds "13"]
[EventCountry "HUN"]
[SourceTitle "CBM 221 Extra"]
[Source "ChessBase"]
[SourceDate "2024.09.30"]
[SourceVersion "1"]
[SourceVersionDate "2024.09.30"]
[SourceQuality "1"]

1. d4 Nf6 2. c4 c5 3. d5 b5 4. cxb5 a6 5. bxa6 e6 6. Nc3 exd5 7. Nxd5 Be7 8. Nf3 0-0 9. e3 Rxa6 10. Be2 Bb7 11. Nxe7+ Qxe7 12. 0-0 Rd6 13. Qc2 Ne4 14. Ne1 Nc6 15. a3 Ne5 16. f3 Nf6 17. e4 Nc6 18. Be3 Nd4 19. Bxd4 Rxd4 20. Qc3 Qd6 21. Nc2 Rd2 22. Rad1 Rxd1 23. Rxd1 Qb6 24. Ne3 h6 25. Nc4 Qc7 26. Nd6 Nd5 27. Rxd5 f6 28. Nf5 Kh8 29. Ne7 c4 1-0

[Event "HUN-ch Blitz"]
[Site "Ajka"]
[Date "2024.07.19"]
[Round "11"]
[White "Papp, Levente"]
[Black "Papp, Petra"]
[Result "0-1"]
[WhiteElo "2362"]
[BlackElo "2259"]
[PlyCount "73"]
[EventDate "2024.07.19"]
[EventType "swiss (blitz)"]
[EventRounds "13"]
[EventCountry "HUN"]
[SourceTitle "CBM 221 Extra"]
[Source "ChessBase"]
[SourceDate "2024.09.30"]
[SourceVersion "1"]
[SourceVersionDate "2024.09.30"]
[SourceQuality "1"]

1. c4 e5 2. g3 Nc6 3. Bg2 Bc5 4. Nc3 d6 5. e3 a6 6. Nge2 Ba7 7. d4 h5 8. h3 h4 9. g4 f5 10. gxf5 Bxf5 11. d5 Nce7 12. e4 Bg6 13. Bg5 Nf6 14. Qd2 Qd7 15. f4 0-0-0 16. fxe5 dxe5 17. Be3 Bxe3 18. Qxe3 Kb8 19. 0-0-0 Nh5 20. c5 Rhf8 21. Rhf1 c6 22. Qg5 Rxf1 23. Qxe5+ Ka7 24. Rxf1 Nf6 25. Rd1 cxd5 26. exd5 Qf5 27. Qxf5 Nxf5 28. Nf4 Bf7 29. Re1 g5 30. Ne6 Re8 31. Kd2 g4 32. hxg4 Nxg4 33. Bh3 Nfh6 34. Ng5 Rg8 35. Nxf7 Nxf7 36. Rg1 Nfe5 37. Ke2 0-1

[Event "HUN-ch Blitz"]
[Site "Ajka"]
[Date "2024.07.19"]
[Round "8"]
[White "Papp, Petra"]
[Black "Banusz, Tamas"]
[Result "1-0"]
[WhiteElo "2259"]
[BlackElo "2605"]
[PlyCount "71"]
[EventDate "2024.07.19"]
[EventType "swiss (blitz)"]
[EventRounds "13"]
[EventCountry "HUN"]
[SourceTitle "CBM 221 Extra"]
[Source "ChessBase"]
[SourceDate "2024.09.30"]
[SourceVersion "1"]
[SourceVersionDate "2024.09.30"]
[SourceQuality "1"]

1. d4 d5 2. c4 c6 3. cxd5 cxd5 4. Bf4 Nf6 5. e3 Nc6 6. Nc3 Bf5 7. Qb3 Na5 8. Qa4+ Bd7 9. Qc2 e6 10. Nf3 Be7 11. h3 Ne4 12. Bd3 Rc8 13. 0-0 Nxc3 14. bxc3 Nc4 15. Ne5 Nxe5 16. Bxe5 Bf6 17. Bd6 Bc6 18. Ba3 Be7 19. Bxe7 Kxe7 20. a4 Qd6 21. f4 h6 22. a5 Rc7 23. Qf2 Rhc8 24. Qh4+ f6 25. Qg4 Kf8 26. f5 e5 27. dxe5 Qxe5 28. Qd4 Be8 29. Qxa7 Rxc3 30. Rad1 R8c5 31. Qxb7 Qxe3+ 32. Kh1 Rc7 33. Qb4+ Kg8 34. Bb1 Bf7 35. a6 Ra3 36. Qb8+ 1-0

[Event "Swiss Queens Wed #25"]
[Site "FIDE Online Arena INT"]
[Date "2024.07.17"]
[Round "11"]
[White "Buksa, Nataliya"]
[Black "Papp, Petra"]
[Result "1/2-1/2"]
[WhiteElo "2396"]
[BlackElo "2259"]
[PlyCount "107"]
[EventDate "2024.07.17"]
[EventType "swiss (blitz)"]
[EventRounds "11"]
[EventCountry "NET"]
[SourceTitle "CBM 221 Extra"]
[Source "ChessBase"]
[SourceDate "2024.09.30"]
[SourceVersion "1"]
[SourceVersionDate "2024.09.30"]
[SourceQuality "1"]

1. d4 Nf6 2. Nf3 g6 3. b3 Bg7 4. Bb2 0-0 5. Nbd2 a5 6. e4 d6 7. Bd3 a4 8. 0-0 c6 9. Rb1 Qc7 10. Qe2 Nbd7 11. e5 Nd5 12. Be4 dxe5 13. Bxd5 cxd5 14. dxe5 Nc5 15. b4 Ne4 16. Nxe4 dxe4 17. Qxe4 Bf5 18. Qe3 Qxc2 19. Nd4 Qxb1 20. Rxb1 Bxb1 21. a3 Rfd8 22. h3 Bf5 23. e6 Bxe6 24. Nxe6 Rd1+ 25. Kh2 Bxb2 26. Nc5 e6 27. Qe2 Rb1 28. g3 Bg7 29. Nxb7 Rb3 30. Nc5 Rxa3 31. b5 Rb8 32. Nd7 Rb7 33. Nc5 Rb8 34. Na6 Rb7 35. Qc4 Bf8 36. Qc6 Ra7 37. Nc5 Rc3 38. b6 Rxc5 39. bxa7 Rxc6 40. a8Q Rc4 41. Kg2 a3 42. h4 h5 43. Kf3 Rc2 44. g4 hxg4+ 45. Kxg4 a2 46. h5 Rxf2 47. hxg6 fxg6 48. Kg5 Rg2+ 49. Kf6 Kh7 50. Qa7+ Kh6 51. Qe3+ Kh7 52. Qa7+ Kh6 53. Qe3+ Kh7 54. Qa7+ 1/2-1/2